000 00690nam a2200229Ia 4500
001 Para_7812
003 CHAP
008 220125s1895 xx 000 0 und d
010 _a206447
040 _cCHAP
082 _aPA-C 595.77 D5
100 _aSmith, John B.
_9107051
245 _aThe hessian fly (Cecidomyia destructor Say) /
_c by John B. Smith
500 _aSobretiro de: New Jersey Agricultural College Experiment Station. Bulletin 110. Encuadernado con otros impresos similares.
901 _aPA-C 595.77 D5
902 _aA
905 _a0000001895 0000000000 00
910 _a1895
942 _cPARA
942 _cPARA
_d1
999 _c206447
_d206447